00948cam a2200265 a 4500001001300000003000400013005001700017008004100034010002300075040001800098043001200116050002300128245004800151260007900199300003000278500004800308650004700356651003400403651003500437610005100472710005100523710006000574740003100634999001700665s 41000026 DLC20260227111912.0870220s1939 paua 000 0 eng  as 41000026 //r963 aDLCcDLCdDLC an-us-ny00aF128.39b.S76 193904aThe Story of the Westinghouse Time Capsule.0 aEast Pittsburgh, Pa. :bWestinghouse Electric & Manufacturing Co.,c[1939] a[38] p. :bill. ;c21 cm. aCover title: The story of the Time Capsule. 0aTime capsuleszNew York (State)zNew York. 0aNew York (N.Y.)xAntiquities. 0aNew York (State)xAntiquities.20aWestinghouse Electric & Manufacturing Company.20aWestinghouse Electric & Manufacturing Company.21aFrederic W. Goudy Collection (Library of Congress)5DLC01aStory of the Time Capsule. c52758d52758